000 02927cam a2200217 4500500
005 20251012001015.0
041 _afre
042 _adc
100 1 0 _aBaubet, Thierry
_eauthor
700 1 0 _a Lachal, Christian
_eauthor
700 1 0 _a Baubet, Thierry
_eauthor
700 1 0 _a Ouss-Ryngaert, Lisa
_eauthor
700 1 0 _a Lachal, Christian
_eauthor
700 1 0 _a Moro, Marie Rose
_eauthor
700 1 0 _a Ouss-Ryngaert, Lisa
_eauthor
700 1 0 _a Moro, Marie Rose
_eauthor
245 0 0 _aBébés et traumas
260 _bLa Pensée sauvage,
_c2006.
520 _aCet ouvrage est sans équivalent à ce jour : des spécialistes de la psychopathologie du bébé, du traumatisme psychique et de la psychiatrie en situation humanitaire font le point sur la question des traumatismes psychiques chez les jeunes enfants, en s’appuyant sur une revue de la littérature mondiale, et sur leur expérience clinique. Que sait-on aujourd’hui du traumatisme psychique des tout-petits ? Sont étudiées la clinique, la psychopathologie, les répercussions sur le bébé et sa famille, mais aussi certaines situations particulières, comme les agressions sexuelles, les traumas liés à des problèmes médicaux, l’adoption internationale. La transmission du trauma entre la mère et l’enfant existe-t-elle, selon quelles modalités, avec quelles conséquences ? Une attention particulière est portée à la difficile question des enfants nés de viols. Comment mettre en place des soins adaptés, que ce soit pour  des situations individuelles, ou lors de catastrophes collectives ici ouailleurs ? Quelle est la place de l’intervention médico-judiciaire lorsqu’on soupçonne un abus ? L’ouvrage comprend également de nombreuses histoires cliniques, et une thérapie mère – bébé traumatisés en situation humanitaire (Sierra Leone) est exposée de manière détaillée. Les connaissances indispensables pour la pratique clinique comme pour la recherche sont mises ici à la disposition de tous : étudiants, professionnels, chercheurs et cliniciens de la petite enfance, éducateurs et enseignants… Que ce soit au cours de guerres, de grandes catastrophes, mais aussi face à la violence urbaine et domestique, ordinaire, de nombreux jeunes enfants sont aux prises avec une violence dont les  effets peuvent être dévastateurs. Ces situations doivent être enfin reconnues, et non plus déniées, afin d’aboutir à des soins adéquats. L’ouvrage« Bébés et traumas » qui est aujourd’hui la référence sur ces questions est aussi un livre optimiste dédié par les auteurs à leurs patients, ces bébés et leurs parents passés par d’effroyables chemins, qui nous rappellent chaque jour que la créativité peut s’opposer à la menace d’anéantissement traumatique.
856 4 1 _uhttps://shs.cairn.info/bebes-et-traumas--9782859192167?lang=fr&redirect-ssocas=7080
999 _c1512003
_d1512003